Statistics for Countries that Bordered Sudan before 2011

Click here to take the quiz!

General Stats

  • This quiz has been taken 117 times
  • The average score is 8 of 9

Answer Stats

Country% Correct
Chad
99%
Egypt
99%
Libya
97%
Central African Republic
95%
Eritrea
95%
Ethiopia
95%
Democratic Republic of the Congo
93%
Uganda
88%
Kenya
87%

Score Distribution

Percentile by Number Answered

Percent of People with Each Score

Your Score History

You have not taken this quiz